00490nam a2200181 a 450000100060000000300090000600800410001502000150005604000280007108200190009910000380011824500360015626000300019230000110022249000330023365000180026665000240028415266CO-ViMGA141112s2004 ck r 000 u spa d a9586903214 aCO-ViMGAbspacCO-ViMGA04a349.8602 C656c1 aHenao Carrasquilla, Oscar Eduardo10aCódigo de procedimiento civil aBogotá, cLeyer, c2002 a549.p. aColección códigos brevis14aDERECHO CIVIL14aPROCEDIMIENTO CIVIL